000 00704nam a2200193 a 4500
001 000024260
005 20200930022845.0
008 110125s1973 mx ad r 000 0 spa d
040 _aDO-SdBNP
_bspa
_cBNPHU
082 _axxxxx
_bS471f
100 1 _aSemat, Henry
_949805
245 1 0 _aFísica básica :
_belectricidad y magnetismo, curso programado /
_cHenry Semat , Ralph H. Blumenthal ; traducción Juan Herkrath.
260 _aMéxico, D. F. :
_bagencia para el Desarrollo Internacional (AID),
_c1973.
300 _av. 3 :
_bil., diag. ;
_c25.5 cm.
500 _aIncluye referencias bibliográficas.
700 1 _aBlumenthal, Ralph H.
_949806
700 1 _aHerkrath, Juan,
_etr.
_949807
049 _aBNGR
999 _c23754
_d23754